Diagnóstico y tratamiento de las relaciones familiares /

-д хадгалсан:
Номзүйн дэлгэрэнгүй
Үндсэн зохиолч: Ackerman, Nathan W. (autor)
Формат: Ном
Хэл сонгох:испани
Хэвлэсэн: Buenos Aires, Argentina : Hormé : Lumen, 1994, c1994
Хэвлэл:10a edición
Цуврал:(Biblioteca Teoría y Métodos de la Psicoterapia ; 4)
Нөхцлүүд:
Шошгууд: Шошго нэмэх
Шошго байхгүй, Энэхүү баримтыг шошголох эхний хүн болох!

MARC

LEADER 00000nam^a2200000^a^4500
001 000090569
005 20250521000000.0
009 20260310092613.398
020 |a 950-618-009-1 
037 |a Acervo ITESO - Biblioteca 
041 |a ESP 
082 |a 616. 89156  |b ACK 
100 |a Ackerman, Nathan W.  |e (autor) 
245 1 0 |a Diagnóstico y tratamiento de las relaciones familiares /  |c N.W. Ackerman ; tr. por Hebe Friedenthal y Jorge Pereyra Hogan. 
250 |a 10a edición 
264 4 |a Buenos Aires, Argentina :  |b Hormé :  |b Lumen,  |c 1994, c1994 
300 |a 413 p. 
336 |a texto  |b txt  |2 rdacontenido 
337 |a sin mediación  |b n  |2 rdamedio 
338 |a volumen  |b nc  |2 rdasoporte 
440 1 |a (Biblioteca Teoría y Métodos de la Psicoterapia ;  |v 4) 
500 |a Traducción de: The Psychodynamics of family life 
649 |a XX 
650 |a Terapia Familiar 
650 |a Psicoterapia 
650 |a Psicología Clínica 
650 |a Psicoanálisis 
650 |a Relaciones Familiares 
650 |a Familia 
910 |a Fondo General 
920 |a Impresos - Libros 
930 |a Colección General 
905 |a 101 
901 |a 0500025718  |b IT1  |c ACC  |u 20250521 
902 |a https://opac.biblio.iteso.mx/vufind/Record/000090569